Paulus und Jesus: eine Untersuchung zur Präzisierung der Frage nach dem Ursprung der Christologie
Sábháilte in:
| Príomhchruthaitheoir: | |
|---|---|
| Formáid: | LEABHAR |
| Teanga: | Gearmáinis |
| Foilsithe / Cruthaithe: |
Tubinga
J.C.B. Mohr
1986
|
| Eagrán: | 6a. ed |
| Sraith: | Hermeneutische Untersuchungen zur Theologie, 2
|
| Ábhair: | |
| Clibeanna: |
Cuir clib leis
Níl clibeanna ann, Bí ar an gcéad duine le clib a chur leis an taifead seo!
|
MARC
| LEADER | 00000cam a2200000 a 4500 | ||
|---|---|---|---|
| 001 | UCE6779 | ||
| 003 | CL-VaPUC | ||
| 008 | 150507e19860000gw |||||||||||||||||ger|d | ||
| 020 | |a 3161451198 | ||
| 082 | 0 | 4 | |a 232 |b JUN |2 21 |
| 100 | |a Jüngel, Eberhard |e author |9 580976 | ||
| 245 | 1 | 0 | |a Paulus und Jesus: eine Untersuchung zur Präzisierung der Frage nach dem Ursprung der Christologie |
| 250 | |a 6a. ed | ||
| 300 | |a 319 p | ||
| 942 | |c BK | ||
| 945 | |d 20150507 00:22:00 |a cmena | ||
| 260 | |a Tubinga |b J.C.B. Mohr |c 1986 | ||
| 600 | 0 | 7 | |a JESUSCRISTO |2 CL-VaPUC |9 537675 |
| 650 | 0 | |a Cristología |9 315091 | |
| 650 | 0 | |a Historia de la iglesia |9 257565 | |
| 650 | 0 | |a Cristianismo |9 257361 | |
| 583 | |a last modification |c 20150507 00:22:00 |k Rodrigo Vera | ||
| 490 | 0 | |a Hermeneutische Untersuchungen zur Theologie, 2 | |
| 999 | |c 358959 |d 358957 | ||
| 952 | |0 0 |1 0 |3 erd |4 0 |6 232_000000000000000_JUN_1986 |7 0 |8 A |9 467938 |a BIBTEO |b BIBTEO |e Casale Rolle, Carlos Ignacio, -2014 |i 5173418 |o 232 JUN 1986 |p 5173418 |r 2025-01-17 |w 2019-11-23 |y BK |z Catalogado en:20150507 |k ICR | ||